| 000 | 00375nam a2200133Ia 4500 | ||
|---|---|---|---|
| 008 | 141214s1999||||xx |||||||||||||| ||und|| | ||
| 082 | _a791.01/O50P | ||
| 100 | _aEspaña. Organización Mundial de Turismo (Madrid) | ||
| 245 | _aPresupuestos de las administraciones nacionales de turismo | ||
| 260 |
_aMadrid, _c1999 |
||
| 942 | _cLibro | ||
| 999 |
_c2198 _d2198 |
||